| 000 | 00474nam a2200193Ia 4500 | ||
|---|---|---|---|
| 008 | 210210b2012 xxu||||| |||| 00| 0 eng d | ||
| 020 | _a9780415964821 | ||
| 041 | _aeng | ||
| 082 | _a820.9 SPIO | ||
| 100 | _aSPIVAK (Gayatri Chakravorty) | ||
| 245 | _aOutside in the teaching machine | ||
| 260 |
_aNew York _bRoutledge _c2012 |
||
| 300 | _axv,375 | ||
| 650 | _ateaching | ||
| 650 | _aOutside | ||
| 650 | _amachine | ||
| 690 | _aEnglish Criticism | ||
| 906 | _a071997 | ||
| 999 |
_c121796 _d121796 |
||